书目信息 |
| 题名: |
教师课堂教学评价指南
|
|
| 作者: | 波帕姆 著 ;王本陆 , 赵婧 译 | |
| 分册: | ||
| 出版信息: | 重庆 重庆大学出版社 2010.05 |
|
| 页数: | 361页 | |
| 开本: | 25cm | |
| 丛书名: | 教师专业实践指导丛书 | |
| 单 册: | ||
| 中图分类: | G442.21 | |
| 科图分类: | ||
| 主题词: | 课堂教育--教学评议--指南 | |
| 电子资源: | ||
| ISBN: | 978-7-5624-5356-7 | |
| 000 | 01188nam 2200313 450 | |
| 001 | 1064675125 | |
| 005 | 20101011162437.85 | |
| 010 | @a978-7-5624-5356-7@dCNY49.00 | |
| 100 | @a20101129d km y0chiy0120 ea | |
| 101 | 0 | @achi |
| 102 | @aCN@b500000 | |
| 105 | @aa z 000yy | |
| 200 | 1 | @a教师课堂教学评价指南@Ajiao shi ke tang jiao xue ping jia zhi nan@f(美) 詹姆斯·波帕姆著@g王本陆, 赵婧等译 |
| 210 | @a重庆@c重庆大学出版社@d2010.05 | |
| 215 | @a361页@c图@d25cm | |
| 225 | 2 | @a教师专业实践指导丛书 |
| 305 | @a第5版 | |
| 306 | @a本书中文版由培生教育出版公司授权重庆大学出版社独家出版发行 | |
| 312 | @a封面英文题名:Classroom assessment what teachers need to know | |
| 330 | @a本书用通俗而优美的文字,呈现了教师们必须了解的有关课堂教学评价的内容。本书立足于当前教学实践,论述范围锁定在教师可能运用到的评价方式上。 | |
| 410 | 0 | @12001 @a教师专业实践指导丛书 |
| 510 | 1 | @aClassroom assessment what teachers need to know@zeng |
| 606 | 0 | @a课堂教育@x教学评议@x指南 |
| 690 | @aG442.21@v4 | |
| 701 | 1 | @a波帕姆@Abo pa mu@g(Popham,w.james)@4著 |
| 702 | 0 | @a王本陆@Awang ben lu@4译 |
| 702 | 0 | @a赵婧@Azhao jing@4译 |
| 801 | 0 | @aCN@c20101129 |
| 905 | @dG442.21@eB864 | |
| 教师课堂教学评价指南/(美) 詹姆斯·波帕姆著/王本陆, 赵婧等译.-重庆:重庆大学出版社,2010.05 |
| 361页:图;25cm.-(教师专业实践指导丛书) |
| ISBN 978-7-5624-5356-7:CNY49.00 |
| 本书用通俗而优美的文字,呈现了教师们必须了解的有关课堂教学评价的内容。本书立足于当前教学实践,论述范围锁定在教师可能运用到的评价方式上。 |
| ● |
| 相关链接 |
|
|
|
正题名:教师课堂教学评价指南
索取号:G442.21/B864
 
预约/预借
| 序号 | 登录号 | 条形码 | 馆藏地/架位号 | 状态 | 备注 |
| 1 | 1032797 | 210327975 | 社科库409/409社科库 3排3列4层/ [索取号:G442.21/B864] | 在馆 | |
| 2 | 1032798 | 210327984 | 社科库409/409社科库 3排3列4层/ [索取号:G442.21/B864] | 在馆 |